| 000 | 00673nam a22001935i 4500 | ||
|---|---|---|---|
| 001 | 160253 | ||
| 003 | ES-MaACL | ||
| 005 | 20230906211958.0 | ||
| 008 | 040924s1870 it |||| | ita d | ||
| 040 |
_aCAM _bspa _cCAM |
||
| 100 | 1 |
_aMortillaro, Vincenzo. _9130224 |
|
| 245 | 1 | 0 |
_aMemorie avvedimenti e rimembranze _b: continuazione dei miei ultimi ricordi / _cper Vincenzo Mortillaro. |
| 260 |
_aPalermo : _b[s.n.], _c1870 ( _fStabilimento tipografico di Pietro Pensante) |
||
| 300 |
_aXII, 229 p. ; _c25 cm. |
||
| 651 |
_aEuropa- _xHistoria- _yS. \RXIX\R. _9234134 |
||
| 752 |
_aItalia - _dPalermo |
||
| 852 |
_aES-MaACL _jG-8854 _z-- Enc. hol. |
||
| 999 |
_c160253 _d160253 |
||